| 000 | 00559nam a2200205Ia 4500 | ||
|---|---|---|---|
| 005 | 20240207141959.0 | ||
| 008 | 131103s9999 xx 000 0 und d | ||
| 040 | _aLoreto College | ||
| 041 | _aEnglish | ||
| 082 |
_a342.973 _bOUT |
||
| 245 | _aOutline of American government | ||
| 260 |
_a[s.l.] _b[s.n.] _c[19 - ?] |
||
| 300 | _a78 p. | ||
| 504 | _aIncludes bibliographical refernces | ||
| 630 | _aUnited States - Constitutional Law | ||
| 650 | _aConstitution | ||
| 651 | _aConstitutional and Administrative Law | ||
| 850 | _aLCLIB | ||
| 942 | _cBK | ||
| 999 |
_c12394 _d62873 |
||